Volleyball Basics - Statistics

General Stats
  • This quiz has been taken 2,403 times
  • The average score is 9 of 15
Answer Stats
Hint Answer % Correct
How many touches can be made on 1 side of the court 3
93%
Person in the different color jersey Libero
93%
How many people are on the court at once 6
91%
the person who sets up the ball to be hit Setter
89%
Safety things you wear on your knees Knee Pads
85%
When you go behind the baseline to put the ball in play Serve
67%
When you slide with a flat hand Pancake
64%
What part of the net is the tape Top
58%
People who stand at the corner and judge the calls Line Judge
55%
The first contact (with you platform) Pass
55%
The sticks on the side of the net to tell out from in Antenna
54%
the 3 front row players Hitters
47%
When you step over the line when putting the ball in play Foot Fault
37%
The top volleyball brand Mizuno
32%
What ball do teams 12 and under play with VolleyLite
17%
No matching quizzes found
Score Distribution
Percent of People with Each Score
Percentile by Number Answered
Your Score History
You have not taken this quiz